000 00424cam a2200169ua 4500
001 1595
008 110713n ii |||gr||||Z||||||asm
040 _cMAIN
082 _a336
100 _aBaruah, Bhuban,
_eAuthor.
245 1 _aRajaswa bigyanar tatva aru prayog
_cby Bhuban Baruah
260 _aDibrugarh:
_bBanalata,988.
300 _a183p:
_bill;
_c23cm.
653 _aEconomics
653 _apublic finance
942 _cBK
999 _c1482
_d1482